Top 100 Cities by Population (Map Edition) - Statistics

General Stats
  • This quiz has been taken 58 times
  • The average score is 75 of 100
Answers on the Map
Answers color-coded by a green-red scale on the quiz's map according to % correct below.
 
Answer Stats
Answer % Correct
Los Angeles
98%
Madrid
98%
Mexico City
98%
New York City
98%
Paris
98%
Barcelona
96%
Buenos Aires
96%
London
96%
Miami
96%
Moscow
96%
Rio de Janeiro
96%
Brasilia
94%
Cairo
94%
Cape Town
94%
Houston
94%
Lima
94%
Santiago
94%
Sydney
94%
Tokyo
94%
Bogotá
92%
Delhi
92%
Istanbul
92%
Melbourne
92%
Saint Petersburg
92%
Shanghai
92%
Toronto
92%
Ankara
90%
Beijing
90%
Dallas/Fort Worth
90%
Lagos
90%
São Paulo
90%
Chicago
88%
Osaka
88%
Atlanta
86%
Jakarta
86%
Kinshasa
86%
Mumbai
86%
Washington D.C.
86%
Addis Ababa
84%
Alexandria
84%
Dhaka
84%
Johannesburg
84%
Kuala Lumpur
84%
Seoul
84%
Dar es Salaam
82%
Kolkata
82%
Manila
82%
Nairobi
82%
Riyadh
82%
Tehran
82%
Baghdad
80%
Bangkok
80%
Ho Chi Minh City
80%
Luanda
80%
Singapore
80%
Hong Kong
78%
Karachi
78%
Khartoum
78%
Bengaluru
76%
Chennai
76%
Guangzhou
76%
Hanoi
76%
Philadelphia
76%
Phoenix
76%
Guadalajara
75%
Hyderabad
75%
Jeddah
75%
Wuhan
75%
Lahore
73%
Belo Horizonte
71%
Xi'An
71%
Ahmedabad
69%
Yangon
69%
Monterrey
67%
Abidjan
65%
Nagoya
65%
Chattogram
61%
Tianjin
61%
Chengdu
59%
Hangzhou
57%
Pune
57%
Shenzhen
57%
Ürümqi
57%
Chongqing
53%
Harbin
53%
Nanjing
51%
Kitakyushu/Fukuoka
45%
Shenyang
45%
Surat
43%
Qingdao
41%
Dalian
39%
Changsha
37%
Kunming
31%
Hefei
29%
Dongguan
27%
Zhengzhou
27%
Jinan
24%
Changchun
22%
Suzhou
20%
Foshan
18%
No matching quizzes found
Score Distribution
Percent of People with Each Score
Percentile by Number Answered
Your Score History
You have not taken this quiz